000 02049nam a2200289 a 4500
001 ASIN0071800085
003 Nust- CAS-E
005 20180118181356.0
008 140306s2012 xxu eng d
020 _a0071800085 (hardcover)
_c$70.00
020 _a9780071800082 (hardcover)
040 _c0
050 0 4 _aTK1010
082 0 4 _a621.31015118
_bACO 2012
100 1 _aAcosta, Orlando N.
245 1 0 _aPower plant stability capacitors and grounding :
_bnumerical solutions /
_cOrlando N. Acosta.
250 _a1st ed.
260 _a[S.l.] :
_bMcGraw-Hill Professional,
_c2012.
300 _a240 p. ;
_c24 cm.
520 _aDesign and maintain highly stable electrical power systems Power Plant Stability, Capacitors, and Grounding is filled with numerical solutions of differential equations to help you solve complex electrical problems regarding the stability of powergenerating systems. After an overview of fundamental electrical engineering concepts, the book focuses on power system stability, high-voltage capacitors, safety, and electrical substation grounding systems. Case studies, problems, and examples are worked out and explained in great detail. The material presented in this practical guide is essential for the design, installation, operation, and maintenance of the vast network of interconnected electrical power systems. Coverage includes: * Power system basic knowledge * Power system stability * Transient stability problem in a simple electrical network * Transient stability problem in a multimachine network * High-voltage AC capacitors • Substation grounding * Dangerous electric currents * Ground grid preliminary design • Principles of ground mat design * Ground mat design with nonuniform current distribution.
650 0 _aCapacitors
650 0 _aElectric currents--Grounding
650 0 _aElectric networks
650 0 _aElectric power system stability--Mathematical models
856 4 0 _3Amazon.com
_uhttp://www.amazon.com/exec/obidos/ASIN/0071800085/chopaconline-20
942 _2ddc
_cBK
999 _c355291
_d355291